Pokémon - Les attaques de Nosferalto - Statistiques

Statistiques générales
  • Ce quiz a été pris 16 fois
  • Le résultat moyen est 9 sur 14
Statistiques - réponses
Niveaux Types Noms des attaques % Correct
Niveau 34 Ténèbres Morsure
92%
Départ Plante Vol-Vie
92%
Niveau 69 Insecte Vampirisme
83%
Niveau 15 Poison Crochet Venin
75%
Départ Spectre Étonnement
75%
Niveau 62 Vol Lame d'Air
75%
Niveau 41 Glace Buée Noire
67%
Niveau 55 Spectre Onde Folie
67%
Niveau 27 Vol Tranch'Air
67%
Départ Normal Regard Noir
58%
Départ Normal Ultrason
50%
Départ Normal Grincement
42%
Niveau 48 Poison Choc Venin
33%
Niveau 20 Combat Prévention
33%
Aucun quiz correspondant
Distribution des résultats
% des personnes avec chaque résultat
Percentile par nombre de réponses
Votre historique - résultats
Vous n’avez pas pris ce quiz